• 首页
  • 本馆介绍
  • 公告通知
  • 最新文献
  • 馆藏检索
  • 电子资源
  • 读者导购
  • 参考咨询
  • 我的图书馆
  • 登录
  • 详细信息显示
  • 放入我的书架
  • 预约/预借图书
  • 作者相关作品
  • 分类相关作品
  • 丛书相关作品
  • 出版社相关作品

书目信息

  • 表格格式
  • 工作单格式
  • 卡片格式
题名:
工人技术等级标准
    
 
作者: ;第一机械工业部 编
分册: 第十二册   驾驶员
出版信息: 北京   机械工业出版社  1979
页数: 27页
开本: 19cm
丛书名:
单 册:
中图分类: T-652.2
科图分类:
主题词: 工业技术--规程 , 工业技术--标准
电子资源:
ISBN:
000 00733nam0 2200241 45
001 0179008072
005 20060429154456.89
010    @dCNY0.13
091    @a15033.4747
100    @a19950714d1979 em y0chiy0121 ea
101 0  @achi
102    @aCN@b110000
105    @ay l 000yy
200 10 @a工人技术等级标准@Agong ren ji shu deng ji biao zhun@e通用部分@h第十二册@i驾驶员@f第一机械工业部编@Fdi yi ji xie gong ye bu bian
210    @a北京@c机械工业出版社@d1979
215    @a27页@d19cm
517 1  @a驾驶员@Ajia shi yuan
606 0  @a工业技术@x规程
606 0  @a工业技术@x标准
690    @aT-652.2@v3
711 02 @a第一机械工业部@Adi yi ji xie gong ye bu@4编
801  0 @aCN@bTSSF@c20060429
905    @a10447@dT-652.2@e11:12
    
    工人技术等级标准:通用部分.第十二册.驾驶员/第一机械工业部编.-北京:机械工业出版社,1979
    27页;19cm
    
    
    ISBN :CNY0.13
    
●
相关链接 在E读中查询图书 在五车中查询图书 在当当中查询图书 在豆瓣中查询图书


正题名:工人技术等级标准     索取号:T-652.2/11:12         预约/预借

序号 登录号 条形码 馆藏地/架位号 状态 备注
1 0025031   202137543   密集书库/ [索取号:T-652.2/11:12] 在馆    
2 0025032   202326018   密集书库/ [索取号:T-652.2/11:12] 在馆    
唐山师范学院图书馆 欢迎您!
大连网信软件有限公司© 版权所有